书目信息 |
| 题名: |
学会提问
|
|
| 作者: | 布朗 , 基利 著 ;吴礼敬 译 | |
| 分册: | ||
| 出版信息: | 北京 机械工业出版社 2013 |
|
| 页数: | 15,251页 | |
| 开本: | 21cm | |
| 丛书名: | ||
| 单 册: | ||
| 中图分类: | B842.5 | |
| 科图分类: | ||
| 主题词: | 思维心理学 | |
| 电子资源: | ||
| ISBN: | 978-7-111-40659-4 | |
| 000 | 01117nam0 2200289 450 | |
| 001 | 5 | |
| 005 | 20140905090316.01 | |
| 010 | @a978-7-111-40659-4@dCNY35.00 | |
| 100 | @a20130411d2013 em y0chiy50 ea | |
| 101 | 1 | @achi@ceng |
| 102 | @aCN@b110000 | |
| 105 | @ay z 000yy | |
| 106 | @ar | |
| 200 | 1 | @a学会提问@e批判性思维领域的“圣经”@dAsking the right questions@ea guide to critical thinking@f(美)尼尔·布朗,(美)斯图尔特·基利著@g吴礼敬译@zeng |
| 210 | @a北京@c机械工业出版社@d2013 | |
| 215 | @a15,251页@d21cm | |
| 305 | @a由Pearson Education(培生教育出版集团)授权出版 据原书第10版译出 | |
| 330 | @a本书内容包括:学会提出好问题、论题和结论是什么、理由是什么、哪些词语意思不明确、什么是价值观假设和描述性假设、推理过程中有没有谬论等。 | |
| 510 | 1 | @aAsking the right questions@ea guide to critical thinking@zeng |
| 517 | 1 | @a批判性思维领域的“圣经” |
| 606 | 0 | @a思维心理学 |
| 690 | @aB842.5@v5 | |
| 701 | 0 | @c(美)@a布朗@c(Browne, M. Neil)@4著 |
| 701 | 0 | @c(美)@a基利@c(Keeley, Stuart M.)@4著 |
| 702 | 0 | @a吴礼敬@4译 |
| 801 | 0 | @aCN@bTANGWEI@c20140603 |
| 905 | @b0843199-201@dB842.5@e1227@f3 | |
| 学会提问:批判性思维领域的“圣经”=Asking the right questions:a guide to critical thinking/(美)尼尔·布朗,(美)斯图尔特·基利著/吴礼敬译.-北京:机械工业出版社,2013 |
| 15,251页;21cm |
| ISBN 978-7-111-40659-4:CNY35.00 |
| 本书内容包括:学会提出好问题、论题和结论是什么、理由是什么、哪些词语意思不明确、什么是价值观假设和描述性假设、推理过程中有没有谬论等。 |
| ● |
| 相关链接 |
|
|
|
|
正题名:学会提问
索取号:B842.5/1227
 
预约/预借
| 序号 | 登录号 | 条形码 | 馆藏地/架位号 | 状态 | 备注 |
| 1 | 0843199 | 208431990 | 第一样本阅览室/ [索取号:B842.5/1227] | 在馆 | |
| 2 | 0843200 | 208432007 | 第一借阅区/ [索取号:B842.5/1227] | 在馆 | |
| 3 | 0843201 | 208432016 | 第一借阅区/ [索取号:B842.5/1227] | 在馆 |